000 00676nam a2200181Ia 4500
008 151018s9999 xx 000 0 und d
082 _bRBASDV18210
_a925
100 _aसदानंद चेंदवणकर
245 _aभारतीय शास्त्रज्ञ
250 _b2
260 _bसुविचार प्रकाशन मंडळ पुणे
_c1968
300 _a94
600 _aसदानंद चेंदवणकर
630 _aभारतीय शास्त्रज्ञ
700 _aसदानंद चेंदवणकर
730 _aभारतीय शास्त्रज्ञ
942 _cBOOK
999 _c1018874
_d1018871